| 000 | 00458nam a2200205Ia 4500 | ||
|---|---|---|---|
| 001 | 13517 | ||
| 003 | GE_BSU | ||
| 008 | 181216s||||||||xx |||||||||||||| ||und|| | ||
| 020 | _a9780330439831 | ||
| 040 | _cGE_BSU | ||
| 080 | _a94(410) | ||
| 100 | _aMarr,Andrew | ||
| 245 | 2 | _aA History of modern Britain | |
| 260 | _aLondon | ||
| 260 | _bPan books | ||
| 260 | _c2008 | ||
| 300 | _a629p.ill.19cm. | ||
| 653 | _aA History of modern Britain | ||
| 942 | _cBK | ||
| 999 |
_c46676 _d46676 |
||